Sports Quiz

Random Sports or World Quiz

American Football League Championships Quiz Stats

 Plays Quiz not verified by Sporcle

Support Sporcle.
Go Orange.
Score 0/10 Timer 02:00
0 Plays Today
Year AFL World Champion % Correct
1966 Champion- - -Lost SB IKansas City Chiefs
90.7%
1967 Champion- - -Lost SB IIOakland Raiders
87.3%
1969 Champion- - -Won SB IVKansas City Chiefs
87.3%
1968 Champion- - -Won SB IIINew York Jets
86.4%
1960 ChampionHouston Oilers
85.6%
1962 ChampionDallas Texans
83.1%
1963 ChampionSan Diego Chargers
82.2%
1961 ChampionHouston Oilers
80.5%
1964 ChampionBuffalo Bills
74.6%
1965 ChampionBuffalo Bills
73.7%

You're not logged in!

Compare scores with friends on all Sporcle quizzes.
OR
Log In

From the Vault

Alphabetically Divided (North America)

by chevand

We really need something to bring this continent together.
Remove Ads.
Support Sporcle.
Get the best of Sporcle when you Go Orange. This ad-free experience offers more features, more stats, and more fun while also helping to support Sporcle. Thank you for becoming a member.

Show Comments

Extras

Top Quizzes Today


Score Distribution

Your Account Isn't Verified!

In order to create a playlist on Sporcle, you need to verify the email address you used during registration. Go to your Sporcle Settings to finish the process.

Report this User

Report this user for behavior that violates our Community Guidelines.

Details: